Conference Planning

Bibliographic Details
Other Authors: Beckhard, Richard, Burk, W. Warner
Format: Book
Published: California : University Associates , 1976
Edition:second edition
Subjects:

MARC

LEADER 00000cam a2200000 7i4500
001 0000002658
005 20050505.0
020 |a 0883901188 
040 |a INS 
090 0 0 |a LC6519   |b B9591 1976 
245 1 0 |a Conference Planning   |c edited by W. Warner Burk 
250 |a second edition 
260 |a California :   |b University Associates ,   |c 1976 
300 |a 174p. ;   |c 23 cm. 
650 0 0 |a Conference   |x planning 
700 1 |a Beckhard, Richard 
700 1 |a Burk, W. Warner 
999 |a 0000000965   |b BOOK   |c Open Shelf   |e Default branch